000 00324nam a22001337a 4500
008 170505b xxu||||| |||| 00| 0 eng d
020 _a9780820553894
041 _aeng
080 _a34
100 _a14
101 _aSHJ
245 _aLEGAL REASONING WRITING AND PERSUASIVE ARGUMENT
_cWELFORD.R.S
942 _2udc
_cBK
999 _c12806
_d12806